Механика грунтов, основания и фундаменты: учебник для инженерно-строительных вузов и факультетов

গ্রন্থ-পঞ্জীর বিবরন
প্রধান লেখক: Зурнаджи В. А. Владимир Алексеевич
অন্যান্য লেখক: Николаев В. В. Владимир Владимирович
ভাষা:রুশ
প্রকাশিত: Москва, Высшая школа, 1967
বিষয়গুলি:
বিন্যাস: গ্রন্থ
KOHA link:https://koha.lib.tpu.ru/cgi-bin/koha/opac-detail.pl?biblionumber=74086

MARC

LEADER 00000nam0a2200000 4500
001 74086
005 20231101212736.0
035 |a (RuTPU)RU\TPU\book\79020 
090 |a 74086 
100 |a 20050228d1967 m y0rusy50 ca 
101 0 |a rus 
102 |a RU 
105 |a a j 001zy 
200 1 |a Механика грунтов, основания и фундаменты  |e учебник для инженерно-строительных вузов и факультетов  |f В. А. Зурнаджи, В. В. Николаев 
210 |a Москва  |c Высшая школа  |d 1967 
215 |a 416 с.  |c ил.  |e карт. 
320 |a Библиогр.: с. 412. 
606 1 |a Механика грунтов  |2 stltpush  |3 (RuTPU)RU\TPU\subj\43563  |9 63050 
606 1 |a Основания и фундаменты  |2 stltpush  |3 (RuTPU)RU\TPU\subj\74862  |9 86830 
610 1 |a грунты 
610 1 |a фундаменты 
610 1 |a промышленное строительство 
610 1 |a гражданское строительство 
610 1 |a промышленные здания 
610 1 |a жилые здания 
610 1 |a общественные здания 
610 1 |a учебники 
610 1 |a механика 
675 |a 624.13(075.8)  |v 3 
675 |a 624.15(075.8)  |v 3 
700 1 |a Зурнаджи  |b В. А.  |g Владимир Алексеевич 
701 1 |a Николаев  |b В. В.  |g Владимир Владимирович 
801 1 |a RU  |b 63413507  |c 20050228  |g PSBO 
801 2 |a RU  |b 63413507  |c 20220715  |g PSBO 
900 |a Механика горных пород и грунтов 
942 |c BK